Featured Quizzes - Sudden Death #4 - Statistics

General Stats
  • This quiz has been taken 23 times
    12 since last reset
  • The average score is 2 of 20
Answers on the Grid
Answers color-coded by a green-red scale on the quiz's grid according to % correct below.
Country Flags that are White, Red and Green Only
Cities by Former Name - Beyond Thunderdome
The Office - Dunder Mifflin Branches
Jelly Belly Official 50 Flavors
Most Common Ingredients in "Mastering the Art of French Cooking"
Alphabet Breadcrumb Trail
Countries Similar to Chinese Provinces by Population
Saintly Islands of the Caribbean
Name a Valid Answer Starting with JETPUNK
75 Americans Named John
Pasta... or Composer?
Largest Cities in the World if all the Ice Melts on a Map
BTS Members (K-Pop)
Bread Alone
Major Hollywood Film Studios
Countries Where Apostasy is Punished
100 Biggest Cities in New Zealand with a Map
Hardest Quiz On JetPunk
Things that Alanis Morissette Finds "Ironic"
List of All Ash Ketchum's Pokémon
Santa Claus in Different Countries
32 Human Teeth
Epic Rap Battles Of History
Most Walkable, Bikeable, and Transit Friendly US Cities
Abbreviation Game: Time, Time, Time
States with In-N-Out Burgers
Most Common Cancers in the World
Nirvana... or Pearl Jam?
Presidents on Mount Rushmore - Map Quiz
Disney Movies by Castles Pictures
Features of a Castle
Countries by Lithium-Ion Battery Supply Rank
MLS Team Logo Quiz
Country Shapes in a Pizza
Suffragettes and Suffragists
 
Answer Stats
Answer % Correct
Alphabet Breadcrumb Trail
33%
BTS Members (K-Pop)
33%
Pasta... or Composer?
33%
100 Biggest Cities in New Zealand with a Map
17%
75 Americans Named John
17%
Countries Where Apostasy is Punished
17%
Country Flags that are White, Red and Green Only
17%
Jelly Belly Official 50 Flavors
17%
List of All Ash Ketchum's Pokémon
17%
Most Common Ingredients in "Mastering the Art of French Cooking"
17%
Bread Alone
0%
Cities by Former Name - Beyond Thunderdome
0%
Countries Similar to Chinese Provinces by Population
0%
Hardest Quiz On JetPunk
0%
Largest Cities in the World if all the Ice Melts on a Map
0%
Major Hollywood Film Studios
0%
Name a Valid Answer Starting with JETPUNK
0%
Saintly Islands of the Caribbean
0%
The Office - Dunder Mifflin Branches
0%
Things that Alanis Morissette Finds "Ironic"
0%
No matching quizzes found
Score Distribution
Percent of People with Each Score
Percentile by Number Answered
Your Score History
You have not taken this quiz since the last reset